Western African Capitals - Statistics

General Stats
  • This quiz has been taken 179 times
  • The average score is 9 of 16
Answer Stats
Country Answer % Correct
Ghana Accra
80%
Guinea-Bissau Bissau
80%
Senegal Dakar
78%
Sierra Leone Freetown
73%
Burkina Faso Ouagadougou
64%
Nigeria Abuja
60%
Liberia Monrovia
60%
Benin Porto-Novo
53%
Cabo Verde Praia
53%
The Gambia Banjul
51%
Mali Bamako
49%
Guinea Conakry
49%
Togo Lomé
49%
Mauritania Nouakchott
47%
Niger Niamey
42%
Ivory Coast Yamoussoukro
38%
No matching quizzes found
Score Distribution
Percent of People with Each Score
Percentile by Number Answered
Your Score History
You have not taken this quiz